000 01917nam0a2200385 i 4500
001 RU\NLR\BIBL_A\010530554
005 20260405154206.0
010 _a9785759811473
_9600
021 _aRU
_b14-67782
035 _a(NILC)RuMoRGB-007549839
035 _a(NLR Aleph) 010530554
090 _a10255213
_c10255213
100 _a20141114d2014 km y0rusy50 ca
101 1 _arus
_ceng
102 _aRU
105 _aa|||7|||001yy
200 1 _aМассовое высшее образование
_eтриумф БРИК?
_fМартин Карной, Прашант Лоялка, Мария Добрякова [и др.]
_gпер. с англ. Марии Добряковой, Людмилы Пирожковой
210 _aМосква
_cИздательский дом Высшей школы экономики
_d2014
215 _a525, [1] с.
_cил.
_d22
225 1 _aБиблиотека журнала "Вопросы образования"
_fред. совет: Ярослав Кузьминов [и др.]
300 _aЗагл. ориг.: University expansion in a changing global economy
320 _aБиблиогр.: с. 504-522
454 0 _12001#$aUniversity expansion in a changing global economy
_tUniversity expansion in a changing global economy
606 1 _aВысшее образование
_yСтраны БРИКС
_92162205
_3RU\NLR\AUTH\661605771
686 1 _aЧ484(0)
701 1 _aКарной
_bМ.
_gМартин
701 1 _aЛоялка
_bП.
_gПрашант
701 1 _8rus
_7ca
_aДобрякова
_bМ. С.
_gМария Сергеевна
_3RU\NLR\AUTH\7765153
_948082
702 1 _4340
_8rus
_7ca
_aДобрякова
_bМ. С.
_gМария Сергеевна
_3RU\NLR\AUTH\7765153
_948082
801 0 _aRU
_bРГБ
_c20140908
_gRCR
801 1 _aRU
_bРГБ
_c20140908
_2rusmarc
942 _cBOOK
980 _aNBR